ბათუმის შოთა რუსთაველის სახელმწიფო უნივერსიტეტის ბიბლიოთეკა

Handbook of terminology / (ბიბ.ჩანაწერი № 57809)

000 -LEADER
fixed length control field 01027cam a2200241 i 4500
001 - CONTROL NUMBER
control field 18202998
005 - DATE AND TIME OF LATEST TRANSACTION
control field 20221108163902.0
008 - FIXED-LENGTH DATA ELEMENTS--GENERAL INFORMATION
fixed length control field 140627s2017 ne a bf 001 0 eng
020 ## - INTERNATIONAL STANDARD BOOK NUMBER
International Standard Book Number 9789027257772 X
041 ## - LANGUAGE CODE
Language code of text/sound track or separate title eng
080 ## - UNIVERSAL DECIMAL CLASSIFICATION NUMBER
Universal Decimal Classification number 81'374.8 H-22
245 00 - TITLE STATEMENT
Title Handbook of terminology /
Statement of responsibility, etc. edited by Hendrik J. Kockaert, KU Leuven, University of the Free State ; Frieda Steurs, KU Leuven, University of the Free State, Université Catholique de L'Ouest.
264 #1 - PRODUCTION, PUBLICATION, DISTRIBUTION, MANUFACTURE, AND COPYRIGHT NOTICE
Place of production, publication, distribution, manufacture Philadelphia :
Name of producer, publisher, distributor, manufacturer John Benjamins Publishing Company,
Date of production, publication, distribution, manufacture, or copyright notice 2017.
300 ## - PHYSICAL DESCRIPTION
Extent 539 pages :
Other physical details illustrations ;
Dimensions 25 cm.
490 0# - SERIES STATEMENT
Series statement Handbook of terminology,
International Standard Serial Number 2352-1821 ;
Volume/sequential designation Volume 1
650 #0 - SUBJECT ADDED ENTRY--TOPICAL TERM
Topical term or geographic name entry element Language and languages
General subdivision Terminology.
9 (RLIN) 9899
650 #0 - SUBJECT ADDED ENTRY--TOPICAL TERM
Topical term or geographic name entry element Terminology
Form subdivision Handbooks, manuals, etc.
9 (RLIN) 9900
653 ## - INDEX TERM--UNCONTROLLED
keyword ენა და ენები
653 ## - INDEX TERM--UNCONTROLLED
keyword ტერმინოლოგია
700 1# - ADDED ENTRY--PERSONAL NAME
Personal name Kockaert, Hendrik,
Relator term რედაქტორი
9 (RLIN) 9901
700 1# - ADDED ENTRY--PERSONAL NAME
Personal name Steurs, F.
Fuller form of name (Frieda)
Relator term რედაქტორი
9 (RLIN) 9902
942 ## - ADDED ENTRY ELEMENTS (KOHA)
Source of classification or shelving scheme
Koha item type წიგნი
ეგზემპლარები
Withdrawn status Lost status Source of classification or shelving scheme Damaged status Not for loan Permanent Location Current Location Shelving location Date acquired Cost, normal purchase price Full call number Barcode Date last seen Copy number Price effective from Koha item type Public note
          ბათუმის შოთა რუსთაველის სახელმწიფო უნივერსიტეტის მთავარი ბიბლიოთეკა ბათუმის შოთა რუსთაველის სახელმწიფო უნივერსიტეტის მთავარი ბიბლიოთეკა წიგნსაცავი 2020-12-09 615.57 81'374.8 H-22 61156 2020-12-09 61156 2020-12-09 წიგნი 615 ლ. 57 თ.